[Event "Yaroslav the Wise op"]
[Site "Yaroslavl"]
[Date "2018.07.27"]
[Round "8"]
[White "Abduraimov, Esmet"]
[Black "Kirillov, Dmitry"]
[Result "0-1"]
[WhiteElo "1971"]
[BlackElo "2107"]
[PlyCount "99"]
[EventDate "2018.07.20"]
[EventType "swiss"]
[EventRounds "9"]
[EventCountry "RUS"]
[SourceTitle "CBM 186 Extra"]
[Source "ChessBase"]
[SourceDate "2018.08.24"]
[SourceVersion "1"]
[SourceVersionDate "2018.08.24"]
[SourceQuality "1"]

1. e4 c5 2. Nf3 e6 3. d4 cxd4 4. Nxd4 Nf6 5. Nc3 Nc6 6. Be3 Bb4 7. Nxc6 bxc6 8. Bd3 d5 9. exd5 cxd5 10. 0-0 0-0 11. Bd4 Bb7 12. Re1 Bd6 13. Qd2 Ng4 14. f4 Nxh2 15. Re3 Ng4 16. Rh3 f5 17. Re1 Qd7 18. Qe2 Rae8 19. Rf1 g6 20. Bb5 Bc6 21. Bxc6 Qxc6 22. Qb5 Qc7 23. Rhf3 Qb8 24. Qa6 Qb4 25. Rd1 Bc5 26. Ne2 e5 27. Rb3 exd4 28. Rxb4 d3+ 29. Nd4 d2 30. Qf1 Ne3 31. Qe2 Bxb4 32. Rxd2 Nc4 33. Qf3 Nxd2 34. Qxd5+ Kh8 35. Ne6 Rxe6 36. Qxe6 Bc5+ 37. Kh2 Ne4 38. Qe5+ Kg8 39. Qd5+ Kg7 40. b4 Bf2 41. Qe5+ Kh6 42. g4 Bg3+ 43. Kh3 fxg4+ 44. Kg2 Rxf4 45. Qe7 Rf2+ 46. Kh1 Ng5 47. Qe3 Rh2+ 48. Kg1 Kh5 49. Qe7 Nf3+ 50. Kf1 0-1